=LDR 00000nam 2200000 4500 =001 INLIS000000000010604 =005 20250307013811 =035 ##$$a 0010-061300000010604 =008 250307################d##########0#ind## =041 ##$$a Ind =082 ##$$a 028.5 =090 ##$$a 028.5, Hid t =100 ##$$a HIDAYAT, Kidh =245 1#$$a 30 Dongeng sebelum tidur untuk anak Muslim 8 /$c Kidh Hidayat =260 ##$$a Surabaya :$b Mitra Ummat,$c 2003 =300 ##$$a 98 hlm : $b Ilus ; $c 21 cm =650 #4$$a Bacaan Anak-anak =850 ##$$a NBPNMAT =084 ##$$a 028.5 HID t =990 ##$$a 1038093 =990 ##$$a 10310454